Getting acquainted with accounting (Record no. 44543)

MARC details
000 -LEADER
fixed length control field 00693nam a2200205 a 4500
008 - FIXED-LENGTH DATA ELEMENTS--GENERAL INFORMATION
fixed length control field 120416s1977 ||||||||||||||||| || u
020 ## - INTERNATIONAL STANDARD BOOK NUMBER
International Standard Book Number 0395245133
050 ## - LIBRARY OF CONGRESS CALL NUMBER
Classification number HF 5635 Car
100 ## - MAIN ENTRY--PERSONAL NAME
Personal name Skousen, K. Fred
245 10 - TITLE STATEMENT
Title Getting acquainted with accounting
250 ## - EDITION STATEMENT
Edition statement 2nd ed.
260 ## - PUBLICATION, DISTRIBUTION, ETC.
Place of publication, distribution, etc. Boston:
Name of publisher, distributor, etc. Houghton Mifflin
Date of publication, distribution, etc. 1977
300 ## - PHYSICAL DESCRIPTION
Extent xiii, 170p.: ill
350 ## - PRICE (NR) (BK AM CF MU VM SE) [OBSOLETE]
Price 0.00
500 ## - GENERAL NOTE
General note Bibliography: p. 165-170.
650 ## - SUBJECT ADDED ENTRY--TOPICAL TERM
Topical term or geographic name entry element TEXTBOOKS
650 #0 - SUBJECT ADDED ENTRY--TOPICAL TERM
Topical term or geographic name entry element ACCOUNTING--HANDBOOKS, MANUALS, ETC
700 ## - ADDED ENTRY--PERSONAL NAME
Personal name Carey, John L., 1904-
995 ## - RECOMMENDATION 995 [LOCAL, UNIMARC FRANCE]
-- 0.00
-- CBU-MAIN LIBRARY (Kitwe)
-- 1
-- 12.95
-- 1
-- AVAILABLE
-- Annex Low-Usage Collection
Holdings
Withdrawn status Lost status Source of classification or shelving scheme Damaged status Not for loan Home library Current library Shelving location Date acquired Total Checkouts Full call number Barcode Date last seen Price effective from Koha item type
          CBU-MAIN LIBRARY, KITWE. CBU-MAIN LIBRARY, KITWE.   11/30/2022   HF 5635 Car 025221 11/30/2022 11/30/2022 MONOGRAPH